000 00280nam a22001217a 4500
082 _a894.812.3
_bTHO/N
100 _aTHOMAS, SHINI V
245 _aNINJALKAY
_bBALASAHITHYAM
260 _aTHIRUVALLA
_bTHAMANNA
300 _a40
650 _aMALAYALAM SHORT STORY
_zKERALA
942 _cBK
999 _c1664
_d1664